A gallery of literary portraits / (Record no. 22377)
[ view plain ]
| 000 -LEADER | |
|---|---|
| fixed length control field | 00822cam a2200253u 4500 |
| 001 - CONTROL NUMBER | |
| control field | 22377 |
| 003 - CONTROL NUMBER IDENTIFIER | |
| rucl marc code | BD-RjUL |
| 005 - DATE AND TIME OF LATEST TRANSACTION | |
| control field | 20211209000811.0 |
| 008 - FIXED-LENGTH DATA ELEMENTS--GENERAL INFORMATION | |
| fixed length control field | 140308r19271909enk 000 0 eng |
| 035 ## - SYSTEM CONTROL NUMBER | |
| System control number | (BD-RjUL)22442 |
| 040 ## - CATALOGING SOURCE | |
| Original cataloging agency | DLC |
| Transcribing agency | CarP |
| Modifying agency | DLC |
| -- | BD-RjUL |
| Language of cataloging | eng |
| 041 ## - LANGUAGE CODE | |
| Language code of text/sound track or separate title | eng |
| 082 ## - DEWEY DECIMAL CLASSIFICATION NUMBER | |
| Classification number | 824.8 |
| Author mark and year | GIG 1927 |
| 100 1# - MAIN ENTRY--PERSONAL NAME | |
| Personal name | Gilfillan, George, |
| Dates associated with a name | 1813-1878. |
| 9 (RLIN) | 69091 |
| 245 12 - TITLE STATEMENT | |
| Title | A gallery of literary portraits / |
| Statement of responsibility, etc. | by George Gilfillan. |
| 260 ## - PUBLICATION, DISTRIBUTION, ETC. (IMPRINT) | |
| Place of publication, distribution, etc. | London : |
| Name of publisher, distributor, etc. | J. M. Dent & sons, ltd.; |
| Date of publication, distribution, etc. | [Reprinted 1927]. |
| 300 ## - PHYSICAL DESCRIPTION | |
| Pagination | xx, 305 p. ; |
| Size | 18 cm. |
| 650 #0 - SUBJECT ADDED ENTRY--TOPICAL TERM | |
| Topical term or geographic name as entry element | Authors, English |
| Form subdivision | Biography. |
| 9 (RLIN) | 57243 |
| Topical term or geographic name as entry element | English literature |
| General subdivision | History and criticism. |
| 9 (RLIN) | 69092 |
| 700 1# - ADDED ENTRY--PERSONAL NAME | |
| Personal name | Nicoll, W. Robertson |
| Fuller form of name | (William Robertson), |
| Dates associated with a name | 1851-1923. |
| 942 ## - ADDED ENTRY ELEMENTS (KOHA) | |
| Source of classification or shelving scheme | Dewey Decimal Classification |
| Koha item type | Books |
| Lost status | Source of classification or shelving scheme | Damaged status | Not for loan | Collection code | Permanent Location | Current Location | Shelving location | Date acquired | Source of acquisition | Cost, normal purchase price | Total Checkouts | Full call number | Date last seen | Copy number | Koha item type |
|---|---|---|---|---|---|---|---|---|---|---|---|---|---|---|---|
| Dewey Decimal Classification | Added to bundle | Fiction | Central Library, University of Rajshahi | Central Library, University of Rajshahi | Reading Room | 17/09/1955 | B. H. Bluckwell | 55.00 | 824.8 GIG 1927 | 08/03/2014 | C-1 | Books |